The Quest for Power: (Record no. 533949)

000 -LEADER
fixed length control field 00355nam a22001337a 4500
003 - CONTROL NUMBER IDENTIFIER
control field NUST
038 ## - RECORD CONTENT LICENSOR
Staff Name waseem
082 ## - DEWEY DECIMAL CLASSIFICATION NUMBER
Classification number 333.793211
Author Mark AZH
100 ## - MAIN ENTRY--PERSONAL NAME
Personal name Azhar, Tanveer
9 (RLIN) 28015
245 ## - TITLE STATEMENT
Title The Quest for Power:
Remainder of title Pakistan's Policy Options for the Nineties /
Statement of responsibility, etc. Tanveer Azhar
260 ## - PUBLICATION, DISTRIBUTION, ETC.
Place of publication, distribution, etc. Lahore :
Name of publisher, distributor, etc. Ferozson,
Date of publication, distribution, etc. 1991.
300 ## - PHYSICAL DESCRIPTION
Extent 253 p.
942 ## - ADDED ENTRY ELEMENTS (KOHA)
Source of classification or shelving scheme
Koha item type Book
Holdings
Withdrawn status Lost status Source of classification or shelving scheme Damaged status Not for loan Permanent Location Current Location Shelving location Date acquired Source of acquisition Total Checkouts Full call number Barcode Date last seen Price effective from Koha item type
          Central Library (CL) Central Library (CL) Economics 01/25/2020 Donation   333.793211 AZH CL-D-856 01/25/2020 01/25/2020 Book
© 2023 Central Library, National University of Sciences and Technology. All Rights Reserved.